[Event "ch-FRA Blitz Online Qual"]
[Site "Europe-Chess INT"]
[Date "2020.05.16"]
[Round "6"]
[White "Spagnoli, Benjamin"]
[Black "Mekhane, Adam"]
[Result "1/2-1/2"]
[WhiteElo "1770"]
[BlackElo "2013"]
[WhiteFideId "20667116"]
[BlackFideId "36050601"]
[EventDate "2020.05.16"]

1. d4 Nf6 2. c4 g6 3. Nc3 Bg7 4. e4 d6 5. Nf3 O-O 6. Be2 Na6 7. O-O e5 8. d5 Nc5
9. Nd2 a5 10. b3 Ne8 11. f3 f5 12. a3 f4 13. b4 axb4 14. Na2 bxa3 15. Nb3 Na4
16. Bxa3 b6 17. Nb4 Nc3 18. Qc2 Nxe2+ 19. Qxe2 Qh4 20. Nc6 g5 21. Ne7+ Kh8 22.
Nxc8 Rxc8 23. Bb2 Nf6 24. Ra7 g4 25. fxg4 Nxg4 26. h3 Ne3 27. Rf3 Bh6 28. Bc1
Rg8 29. Bxe3 fxe3 30. Ra1 Bf4 31. Nc1 Rg3 32. Nd3 Rcg8 33. Nxf4 exf4 34. Qb2+
R3g7 35. Raf1 h6 36. Rxf4 Qg5 37. Rg4 Qe5 38. Qxe5 dxe5 39. Rxg7 Rxg7 40. Re1
Rg3 41. Kh2 Rg8 42. Rxe3 Ra8 43. Kg3 Ra4 44. Rc3 Kg7 45. Kg4 Kg6 46. Kh4 Rb4 47.
g4 Ra4 48. Kg3 Rb4 49. Kh4 Ra4 50. Kg3 Rb4 51. c5 bxc5 52. Rxc5 Rxe4 53. Rxc7
Rd4 54. Rc6+ Kg7 55. d6 Kf7 56. Rc7+ Ke6 57. d7 Rxd7 58. Rc6+ Rd6 59. Rxd6+ Kxd6
60. Kf3 1/2-1/2

[Event "ch-FRA Blitz Online Qual"]
[Site "Europe-Chess INT"]
[Date "2020.05.16"]
[Round "6"]
[White "Calvo, Dylan"]
[Black "Moracchini, Margaux"]
[Result "1-0"]
[WhiteElo "2018"]
[BlackElo "1933"]
[WhiteFideId "36019410"]
[BlackFideId "36018198"]
[EventDate "2020.05.16"]

1. d4 Nf6 2. c4 g6 3. Nc3 Bg7 4. e4 d6 5. Nf3 O-O 6. Be2 e5 7. O-O Nbd7 8. dxe5
Nxe5 9. Nxe5 dxe5 10. Qxd8 Rxd8 11. Bg5 Re8 12. Rfd1 c6 13. b4 h6 14. Be3 Ng4
15. Bxg4 Bxg4 16. f3 Be6 17. c5 Rad8 18. b5 f5 19. bxc6 bxc6 20. Rd6 Rxd6 21.
cxd6 Rd8 22. Rd1 a6 23. Bc5 Kf7 24. a3 Bc4 25. Kf2 Bf8 26. Bb4 Ke6 27. Na4 Bxd6
28. Ba5 Rf8 29. Rxd6+ Kxd6 30. Bb4+ Kc7 31. Bxf8 fxe4 32. fxe4 Kd7 33. Bxh6 Ke6
34. Ke3 Kf6 35. Bf8 Bf1 36. g3 Kg5 37. Bd6 Kf6 38. Nc5 Bc4 39. Nd3 Ke6 40. Bb4
Kf6 41. Bc3 Kg5 42. Nxe5 Bb5 43. Kd4 1-0

[Event "ch-FRA Blitz Online Qual"]
[Site "Europe-Chess INT"]
[Date "2020.05.16"]
[Round "6"]
[White "Acudad, Marsuk"]
[Black "Jouneau, Quentin"]
[Result "0-1"]
[WhiteElo "1665"]
[BlackElo "2018"]
[WhiteFideId "689157"]
[BlackFideId "649716"]
[EventDate "2020.05.16"]

1. d4 Nf6 2. c4 g6 3. Nc3 Bg7 4. e4 d6 5. Nf3 O-O 6. Be2 c5 7. d5 Bg4 8. O-O e5
9. Bg5 h6 10. Bd2 a6 11. h3 Bxf3 12. Bxf3 Nbd7 13. g3 Rb8 14. a4 Nh7 15. h4 f5
16. Bg2 f4 17. Bh3 g5 18. Be6+ Kh8 19. h5 Ndf6 20. g4 Re8 21. Rb1 Nf8 22. Bf5
Ng8 23. f3 Ne7 24. b3 Nxf5 25. exf5 Nd7 26. Qc2 Nf6 27. Rbe1 Re7 28. Ne4 Qd7 29.
Bc3 Rd8 30. Re2 Qe8 31. Rfe1 Nxh5 32. gxh5 Qxh5 33. Qd3 Rg8 34. Nf2 Qf7 35. Ng4
h5 36. f6 Bxf6 37. Nxf6 Qxf6 38. Kf2 g4 39. Rh1 g3+ 40. Kg2 h4 41. Rh3 Rf7 42.
Re1 Re8 43. Reh1 Rh7 44. Qe4 Kg7 45. b4 b6 46. bxc5 bxc5 47. Qc2 Reh8 48. Qb3
Qf5 49. Qb7+ Kg6 50. Qc6 Qc2+ 51. Kg1 Qd1+ 52. Kg2 Qe2+ 53. Kg1 Qf2# 0-1

[Event "ch-FRA Blitz Online Qual"]
[Site "Europe-Chess INT"]
[Date "2020.05.16"]
[Round "6"]
[White "Maugenest, Ghislain"]
[Black "Hassler, Tim"]
[Result "1-0"]
[WhiteElo "2013"]
[BlackElo "1933"]
[WhiteFideId "36029483"]
[BlackFideId "36052566"]
[EventDate "2020.05.16"]

1. d4 d5 2. c4 e6 3. Nf3 Nf6 4. Nc3 Bb4 5. Bg5 h6 6. Bxf6 gxf6 7. a3 Bxc3+ 8.
bxc3 dxc4 9. a4 c6 10. e4 b5 11. Be2 Nd7 12. O-O Nb6 13. a5 Na4 14. Rxa4 bxa4
15. Qxa4 Bd7 16. Bxc4 c5 17. Qa2 cxd4 18. cxd4 Rc8 19. d5 Rxc4 20. Qxc4 Qxa5 21.
Rb1 O-O 22. Qc1 Kh7 23. Qf4 exd5 24. exd5 Qxd5 25. Qxf6 a5 26. Ne5 Be6 27. Qf4
Rg8 28. f3 Rg5 29. Ng4 Bxg4 30. fxg4 h5 31. h3 hxg4 32. hxg4 Kg6 33. Kh2 Qe5 34.
Rb6+ Kg7 35. Qxe5+ Rxe5 36. Ra6 f6 37. Kg3 Kg6 38. Kf4 Rb5 39. g3 Rb4+ 40. Kf3
a4 41. Ra5 Kg7 42. g5 Kg6 43. gxf6 Kxf6 44. g4 Kg6 45. Kg3 Rb3+ 46. Kh4 a3 47.
Ra6+ Kg7 48. Kh5 Rb5+ 49. g5 Rb3 50. Ra7+ Kg8 51. Kh6 Rh3+ 52. Kg6 Kf8 53. Ra8+
Ke7 54. Kg7 Rg3 55. g6 Ke6 56. Kh7 Kf6 57. Ra6+ Ke7 58. g7 a2 59. Rxa2 Rh3+ 60.
Kg8 Rg3 61. Rf2 Rg4 62. Re2+ Kf6 63. Kf8 Rxg7 64. Rf2+ Kg6 65. Rg2+ Kh6 66. Rxg7
Kh5 67. Kf7 Kh4 68. Kf6 Kh3 69. Kf5 Kh2 70. Kf4 Kh3 71. Rg6 Kh2 72. Kf3 Kh1 73.
Kf2 Kh2 74. Rh6# 1-0

[Event "ch-FRA Blitz Online Qual"]
[Site "Europe-Chess INT"]
[Date "2020.05.16"]
[Round "6"]
[White "Massiani, Xavier"]
[Black "Bregnac, Tristan"]
[Result "1-0"]
[WhiteElo "1781"]
[BlackElo "2047"]
[WhiteFideId "45145059"]
[BlackFideId "36017825"]
[EventDate "2020.05.16"]

1. e4 c5 2. Nc3 Nc6 3. Bb5 Nd4 4. Bc4 a6 5. a4 e6 6. Nge2 Ne7 7. Nxd4 cxd4 8.
Ne2 Nc6 9. O-O Be7 10. d3 O-O 11. Bb3 b6 12. Ng3 Bb7 13. f4 Nb4 14. f5 Bg5 15.
Qg4 Bxc1 16. Raxc1 Kh8 17. f6 gxf6 18. Nh5 Rg8 19. Qf4 Rg6 20. Nxf6 Bc6 21. Qe5
d6 22. Qxd4 e5 23. Qxb4 Rxf6 24. Rxf6 Qxf6 25. Rf1 Qg5 26. Qxd6 Rg8 27. Qf6+
Qxf6 28. Rxf6 Rc8 29. Rxf7 b5 30. axb5 Bxb5 31. Re7 Rc5 32. g4 a5 33. c4 Bc6 34.
Rc7 Kg8 35. Ba4 Bxa4 36. Rxc5 Bc2 37. Rxe5 Bxd3 38. Rxa5 Bxc4 39. Re5 Bd3 40. h3
Kg7 41. Kf2 Kf6 42. Rf5+ Ke6 43. Rf4 Bc2 44. Ke3 Ke5 45. Rf5+ Ke6 46. Rc5 Bb3
47. Rc3 Ba2 48. b3 Kd7 49. b4 Be6 50. b5 h6 51. b6 1-0

[Event "ch-FRA Blitz Online Qual"]
[Site "Europe-Chess INT"]
[Date "2020.05.16"]
[Round "6"]
[White "Berger Dit Lacroix, Kilian"]
[Black "Revel, Adrien"]
[Result "1-0"]
[WhiteElo "2129"]
[BlackElo "1859"]
[WhiteFideId "36091855"]
[BlackFideId "624179"]
[EventDate "2020.05.16"]

1. e4 e5 2. Nf3 Nc6 3. d4 exd4 4. Nxd4 Bc5 5. Be3 Qf6 6. c3 Nge7 7. g3 O-O 8.
Bg2 b6 9. O-O Bb7 10. h3 Rad8 11. b4 Bxd4 12. cxd4 d5 13. e5 Qe6 14. b5 Na5 15.
Nd2 f6 16. f4 Nf5 17. Bf2 c6 18. g4 Ne7 19. f5 Qc8 20. Rc1 fxe5 21. dxe5 Qd7 22.
Bg3 c5 23. a4 d4 24. Ne4 Nd5 25. e6 Qc8 26. Nd6 Qa8 27. Nxb7 Qxb7 28. Qe2 Qe7
29. Bxd5 Rxd5 30. Qe4 Rdd8 31. Kh2 Nb7 32. Qe1 Nd6 33. Bh4 Qc7 34. Bxd8 Rxd8 35.
Qe5 Qe7 36. f6 gxf6 37. Rxf6 Re8 38. Rcf1 Nc4 39. Qg5+ Kh8 40. Rf8+ Qxf8 41.
Rxf8+ Rxf8 42. e7 Re8 43. Qf6+ 1-0

[Event "ch-FRA Blitz Online Qual"]
[Site "Europe-Chess INT"]
[Date "2020.05.16"]
[Round "6"]
[White "Redjem, Mohamed"]
[Black "Bailly, Thierry"]
[Result "1-0"]
[WhiteElo "1777"]
[BlackElo "1989"]
[WhiteFideId "20608128"]
[BlackFideId "26051680"]
[EventDate "2020.05.16"]

1. d4 Nf6 2. c4 e6 3. Nc3 Bb4 4. Qc2 d5 5. e3 O-O 6. a3 Be7 7. Nf3 Nbd7 8. Bd3
b6 9. cxd5 exd5 10. O-O Bb7 11. b4 a5 12. Bb2 axb4 13. axb4 Rxa1 14. Bxa1 Bxb4
15. Nb5 c6 16. Qb3 Qe7 17. Nc3 Ra8 18. Bb2 c5 19. dxc5 bxc5 20. Bf5 Nb6 21. Ne2
Ba6 22. Bxf6 Qxf6 23. Bd3 c4 24. Qxb4 cxd3 25. Ned4 h6 26. Rb1 Nc4 27. Qc5 d2
28. Qxd5 Qg6 29. Qxa8+ Kh7 30. Qb8 Qc2 31. Nxc2 1-0

[Event "ch-FRA Blitz Online Qual"]
[Site "Europe-Chess INT"]
[Date "2020.05.16"]
[Round "6"]
[White "Rouast, Joseph"]
[Black "Kantzer, Romain"]
[Result "1/2-1/2"]
[WhiteElo "1808"]
[BlackElo "1930"]
[WhiteFideId "45147000"]
[BlackFideId "26024640"]
[EventDate "2020.05.16"]

1. d4 Nf6 2. c4 e6 3. Nf3 Bb4+ 4. Bd2 Qe7 5. g3 O-O 6. Bg2 Nc6 7. O-O Bxd2 8.
Nbxd2 d6 9. e4 e5 10. d5 Nb8 11. Ne1 a5 12. Nd3 Na6 13. Qe2 Nd7 14. f4 exf4 15.
gxf4 Ndc5 16. Nxc5 Nxc5 17. e5 Bf5 18. Be4 Bxe4 19. Nxe4 Nxe4 20. Qxe4 dxe5 21.
fxe5 Rfe8 22. Rae1 Ra6 23. Rf3 Rg6+ 24. Kh1 Qc5 25. e6 fxe6 26. dxe6 Rgxe6 27.
Qxe6+ Rxe6 28. Rxe6 h6 29. b3 Qh5 30. Rfe3 Qd1+ 31. Kg2 Qd2+ 32. Re2 Qg5+ 33.
Kh1 c6 34. Re7 b5 35. cxb5 cxb5 36. R7e5 Qf6 37. Kg2 Kh7 38. h3 Qc6+ 39. Kh2 Qd6
40. Kg2 a4 41. bxa4 bxa4 42. R5e4 Qd5 43. Kh2 Kg6 44. Rg4+ Kh7 45. Reg2 Qe5+ 46.
Kh1 Qe1+ 47. Rg1 Qe5 48. Rxg7+ Qxg7 49. Rxg7+ Kxg7 50. Kg2 Kf6 51. Kf3 Kf5 52.
a3 Kg5 53. Kg3 Kf5 54. Kf3 Ke5 55. Kg4 Kf6 56. Kh5 Kg7 57. Kg4 Kg6 58. h4 Kf6
59. Kf4 Kg6 60. Kg4 Kf6 61. Kf4 Kg6 62. Kg4 1/2-1/2

[Event "ch-FRA Blitz Online Qual"]
[Site "Europe-Chess INT"]
[Date "2020.05.16"]
[Round "6"]
[White "Thomas, Anysia"]
[Black "Commin-Humeau, Augustin"]
[Result "1-0"]
[WhiteTitle "WFM"]
[WhiteElo "2160"]
[BlackElo "1971"]
[WhiteFideId "670472"]
[BlackFideId "26093006"]
[EventDate "2020.05.16"]

1. d4 Nf6 2. c4 c5 3. d5 e6 4. Nc3 exd5 5. cxd5 d6 6. g3 g6 7. Bg2 Bg7 8. Nf3
O-O 9. O-O Na6 10. Nd2 Nc7 11. Nc4 b5 12. Nxd6 Qxd6 13. Bf4 Qb6 14. d6 Bb7 15.
Bxb7 Qxb7 16. dxc7 b4 17. Na4 Qc6 18. Rc1 Nd7 19. Bd6 Rfc8 20. Nxc5 Nxc5 21.
Rxc5 Qb6 22. Qd5 Bf8 23. Bxf8 Kxf8 24. Rfc1 a5 25. Rc6 Qb7 26. Qe5 Ra7 27. Qd6+
Kg7 28. h4 a4 29. h5 a3 30. h6+ Kxh6 31. b3 Kg7 32. g4 h6 33. R1c4 Ra5 34. Qf6+
Kg8 35. Rd6 Rf8 36. Rd8 Rd5 37. Rxf8+ Kxf8 38. c8=Q+ Qxc8 39. Rxc8+ Rd8 40.
Rxd8# 1-0

[Event "ch-FRA Blitz Online Qual"]
[Site "Europe-Chess INT"]
[Date "2020.05.16"]
[Round "6"]
[White "Chung, Mathilde"]
[Black "Ferey, Antonin"]
[Result "1-0"]
[WhiteTitle "WFM"]
[WhiteElo "2083"]
[BlackElo "2138"]
[WhiteFideId "676446"]
[BlackFideId "36051454"]
[EventDate "2020.05.16"]

1. d4 Nf6 2. c4 e6 3. Nf3 Bb4+ 4. Bd2 Qe7 5. g3 Nc6 6. Bg2 Bxd2+ 7. Nbxd2 d6 8.
O-O O-O 9. e4 e5 10. d5 Nb8 11. b4 a5 12. a3 axb4 13. axb4 Rxa1 14. Qxa1 Na6 15.
Qc3 c6 16. Re1 cxd5 17. exd5 Bd7 18. Nh4 Nh5 19. Nb3 Rc8 20. Qd2 Qf6 21. Rc1 g6
22. c5 dxc5 23. bxc5 Ng7 24. Na5 Qe7 25. Nxb7 Bb5 26. d6 Qd7 27. Qe3 Bc6 28. Na5
Bxg2 29. Nxg2 Qb5 30. Nb3 Ne6 31. c6 Rxc6 32. Rxc6 Qxc6 33. Qxe5 Nac5 34. Nxc5
Qxc5 35. Qxc5 Nxc5 36. Nf4 Kf8 37. Nd5 Nd7 38. Kf1 f5 39. Ke2 Kf7 40. Nf4 Kf6
41. Ke3 Ke5 42. Nh3 Kxd6 43. Ng5 Nf6 44. Kd4 Ke7 45. Nf3 Ke6 46. Ke3 h6 47. Nd4+
Ke5 48. Nf3+ Kd5 49. Nh4 Ng4+ 50. Ke2 Nxh2 51. f3 1-0

[Event "ch-FRA Blitz Online Qual"]
[Site "Europe-Chess INT"]
[Date "2020.05.16"]
[Round "6"]
[White "Bournel, Antoine"]
[Black "Fischler, Oscar"]
[Result "1-0"]
[WhiteElo "2238"]
[BlackElo "1864"]
[WhiteFideId "26093553"]
[BlackFideId "45190186"]
[EventDate "2020.05.16"]

1. e4 g6 2. d4 Bg7 3. Nf3 d6 4. Bc4 c6 5. Qe2 b5 6. Bb3 Nf6 7. e5 dxe5 8. dxe5
Nd5 9. O-O O-O 10. Nbd2 Qc7 11. Re1 a6 12. h3 e6 13. Ne4 Bb7 14. Bg5 Nd7 15.
Bxd5 cxd5 16. Nf6+ Nxf6 17. Bxf6 Rfc8 18. Bxg7 Kxg7 19. c3 h6 20. Qe3 Qc5 21.
Qf4 Qe7 22. h4 Rc4 23. Nd4 Rac8 24. a3 Ba8 25. Re3 Rf8 26. Rg3 Rcc8 27. h5 g5
28. Qe3 Kh8 29. Re1 Bb7 30. Rf3 Rce8 31. Rf6 Kg7 32. f4 g4 33. Qg3 Kh7 34. f5
Rg8 35. Qf4 Rg5 36. fxe6 Rf8 37. exf7 Kg7 38. Nf5+ Rxf5 39. Qxf5 Qc5+ 40. Kh1 1-0

[Event "ch-FRA Blitz Online Qual"]
[Site "Europe-Chess INT"]
[Date "2020.05.16"]
[Round "6"]
[White "Ros, David"]
[Black "Fardet, Elouan"]
[Result "0-1"]
[WhiteElo "1767"]
[BlackElo "2163"]
[WhiteFideId "36079103"]
[BlackFideId "45163596"]
[EventDate "2020.05.16"]

1. e4 c5 2. Na3 Nc6 3. Bb5 Nd4 4. Ba4 a6 5. c3 Nc6 6. Bxc6 bxc6 7. f4 d5 8. e5
Bf5 9. d3 e6 10. Nf3 Ne7 11. Be3 Nc8 12. Qa4 Qc7 13. Ke2 Be7 14. Rad1 O-O 15. h3
h6 16. g4 Bh7 17. h4 Nb6 18. Qc2 Nd7 19. h5 f6 20. exf6 Bxf6 21. Rdg1 Be7 22. g5
hxg5 23. fxg5 Bf5 24. h6 g6 25. h7+ Kh8 26. Nh4 e5 27. Nb1 Qd6 28. Nd2 d4 29.
Bf2 c4 30. dxc4 Bxc2 31. cxd4 Bf5 32. dxe5 Qxe5+ 33. Kd1 Bc5 34. Rf1 Bxf2 35.
Rxf2 Qxb2 36. Ke2 Rae8+ 37. Kf3 Qc3+ 38. Kg2 Ne5 39. Nhf3 Nxf3 40. Nxf3 Be4 41.
Rhf1 Bxf3+ 42. Rxf3 Rxf3 43. Rxf3 Qd2+ 44. Kg3 Kxh7 45. Kg4 Re4+ 46. Kg3 Qe1+
47. Rf2 Re2 0-1

[Event "ch-FRA Blitz Online Qual"]
[Site "Europe-Chess INT"]
[Date "2020.05.16"]
[Round "6"]
[White "Siffert, Arman"]
[Black "Delabarre, Olivier"]
[Result "0-1"]
[WhiteElo "1887"]
[BlackElo "1997"]
[WhiteFideId "45125350"]
[BlackFideId "632481"]
[EventDate "2020.05.16"]

1. d4 g6 2. h4 Bg7 3. h5 c5 4. c3 d5 5. Nf3 cxd4 6. cxd4 Nc6 7. Nc3 Bg4 8. h6
Bf6 9. e3 e6 10. Be2 Nge7 11. Bd2 Nf5 12. Rc1 Bxf3 13. Bxf3 Bg5 14. Be2 Nxh6 15.
f4 Bh4+ 16. Kf1 Nf5 17. Rh3 Ng3+ 18. Kg1 h5 19. Be1 Nxe2+ 20. Qxe2 Bf6 21. g4
hxg4 22. Qxg4 Rxh3 23. Qxh3 Qe7 24. Nb5 O-O-O 25. Nxa7+ Kd7 26. Nb5 Rh8 27. Qg2
Bh4 28. a3 Bxe1 29. Rxe1 Qh4 30. Rc1 Qh3 31. Rc3 Qf5 32. Rc1 Rh4 33. b4 Rg4 0-1

[Event "ch-FRA Blitz Online Qual"]
[Site "Europe-Chess INT"]
[Date "2020.05.16"]
[Round "6"]
[White "Lardon, Quentin"]
[Black "Schrefheere, Anthime"]
[Result "1-0"]
[WhiteElo "2013"]
[BlackElo "1750"]
[WhiteFideId "36050407"]
[BlackFideId "657646"]
[EventDate "2020.05.16"]

1. c4 Nf6 2. Nc3 g6 3. d4 d5 4. cxd5 Nxd5 5. g3 Bg7 6. Bg2 Nxc3 7. bxc3 O-O 8.
Nf3 c5 9. O-O Nc6 10. e3 Qc7 11. Ba3 cxd4 12. cxd4 Bg4 13. Rc1 Rfe8 14. d5 Qa5
15. dxc6 Qxa3 16. cxb7 Rab8 17. Qb3 Qxb3 18. axb3 Rxb7 19. Ne5 Rb4 20. Nxg4 Rxg4
21. e4 Rg5 22. Rc7 Ra5 23. Rd1 Be5 24. Rb7 Bd6 25. Bf1 f6 26. Bc4+ Kf8 27. Rxd6
Ra1+ 28. Kg2 Re1 29. Rd4 a5 30. Ra7 Ra1 31. Rd5 Kg7 32. Rdxa5 1-0

[Event "ch-FRA Blitz Online Qual"]
[Site "Europe-Chess INT"]
[Date "2020.05.16"]
[Round "6"]
[White "Salami, Reza"]
[Black "Gautier, Nathan"]
[Result "0-1"]
[WhiteElo "1882"]
[BlackElo "2064"]
[WhiteFideId "618659"]
[BlackFideId "26093030"]
[EventDate "2020.05.16"]

1. d4 Nf6 2. Nf3 g6 3. Nc3 d5 4. Bf4 Bg7 5. e3 O-O 6. Be2 c5 7. Ne5 Nc6 8. h4 h5
9. f3 Qb6 10. Na4 Qb4+ 11. c3 Qa5 12. Nxc5 Nxe5 13. Bxe5 b6 14. Nb3 Qa4 15. Qd2
Ba6 16. O-O Rac8 17. Nc1 Bxe2 18. Nxe2 b5 19. a3 Qb3 20. Nf4 a5 21. Rac1 Rc6 22.
Qc2 Qxc2 23. Rxc2 Rfc8 24. Bxf6 Bxf6 25. Nxd5 Bxh4 26. e4 e6 27. Ne3 Bf6 28. e5
Be7 29. f4 b4 30. axb4 axb4 31. Nd1 bxc3 32. Nxc3 Bb4 33. Rfc1 Rc4 34. Kf2 Rxd4
35. Ke3 Rdc4 36. Kd3 Rxf4 37. Ne4 Rd8+ 38. Ke3 Rg4 39. Nf6+ Kg7 40. Nxg4 hxg4
41. Rc4 Bd2+ 42. Kf2 Bxc1 43. Rxc1 Rd2+ 44. Kg3 Rxb2 45. Kxg4 Rb4+ 46. Kg3 Re4
47. Rf1 Rxe5 48. Kh3 Rh5+ 49. Kg4 Rf5 50. Rd1 Kf6 51. Rd7 Rg5+ 52. Kf4 Ra5 53.
g4 Ra4+ 54. Kg3 g5 55. Rc7 Ra3+ 56. Kg2 Ke5 57. Rxf7 Ke4 58. Re7 e5 59. Rg7 Kf4
60. Re7 e4 61. Kf2 Ra2+ 62. Ke1 Ra4 63. Kf2 Ra2+ 64. Ke1 Ra3 65. Kf2 Rf3+ 66.
Ke2 Rg3 67. Kf2 e3+ 68. Ke2 Rg2+ 69. Ke1 Rxg4 70. Ke2 Rg2+ 71. Kf1 Rf2+ 72. Ke1
Ra2 73. Rf7+ Kg3 74. Re7 Kf3 75. Rf7+ Kg2 76. Re7 g4 77. Rxe3 g3 78. Re7 Kg1 79.
Rg7 g2 80. Rh7 Ra6 81. Ke2 Re6+ 82. Kd3 Kf1 83. Rf7+ Ke1 84. Rg7 Re2 85. Rg6 Kf1
86. Rf6+ Rf2 0-1

[Event "ch-FRA Blitz Online Qual"]
[Site "Europe-Chess INT"]
[Date "2020.05.16"]
[Round "6"]
[White "Baroyan, Davit"]
[Black "Gordon, Louis"]
[Result "1-0"]
[WhiteElo "2218"]
[BlackElo "1758"]
[WhiteFideId "26033607"]
[BlackFideId "45186162"]
[EventDate "2020.05.16"]

1. d4 Nf6 2. c4 e6 3. Nc3 Bb4 4. Qc2 d5 5. e3 Ne4 6. Bd3 f5 7. Ne2 O-O 8. f3
Nxc3 9. Nxc3 Nd7 10. O-O Bxc3 11. Qxc3 Nf6 12. b3 b6 13. c5 c6 14. cxb6 Qxb6 15.
Ba3 Re8 16. Rac1 Bb7 17. Bc5 Qc7 18. Rce1 g5 19. e4 f4 20. e5 Nh5 21. Re2 Ng7
22. g4 h5 23. h3 h4 24. Rb2 Red8 25. Rfb1 Qc8 26. b4 Ne8 27. Be7 Rd7 28. Bxg5
Ng7 29. Bc2 1-0

[Event "ch-FRA Blitz Online Qual"]
[Site "Europe-Chess INT"]
[Date "2020.05.16"]
[Round "6"]
[White "Guillemart, Serge"]
[Black "Randrianarimanana, Alicia"]
[Result "1-0"]
[WhiteElo "2107"]
[BlackElo "1971"]
[WhiteFideId "26015579"]
[BlackFideId "36034738"]
[EventDate "2020.05.16"]

1. e4 c5 2. Nf3 d6 3. c3 Nf6 4. h3 g6 5. d4 Nxe4 6. Bd3 Nf6 7. O-O Bg7 8. Re1
O-O 9. Bg5 h6 10. Bxf6 Bxf6 11. dxc5 dxc5 12. Qe2 Nc6 13. Na3 a6 14. Rad1 Qc7
15. Qe3 Bg7 16. Qxc5 Be6 17. Bxg6 Bxa2 18. Be4 Bb3 19. Rd2 Rac8 20. Qf5 f6 21.
Qh7+ Kf7 22. Bg6# 1-0

[Event "ch-FRA Blitz Online Qual"]
[Site "Europe-Chess INT"]
[Date "2020.05.16"]
[Round "6"]
[White "Capton, Rafael"]
[Black "Le Brech, Cyril"]
[Result "1-0"]
[WhiteElo "1737"]
[BlackElo "1986"]
[WhiteFideId "36084778"]
[BlackFideId "20675186"]
[EventDate "2020.05.16"]

1. e4 c5 2. Nf3 Nc6 3. d4 cxd4 4. Nxd4 e5 5. Nb5 d6 6. N1c3 a6 7. Na3 f5 8. Bc4
Nf6 9. Bg5 Be7 10. Bxf6 Bxf6 11. Qd5 Qe7 12. O-O-O Nd4 13. Ne2 Be6 14. Qa5 Nxe2+
15. Bxe2 O-O 16. exf5 Bxf5 17. Bc4+ Kh8 18. Qd5 b5 19. Bb3 Rfd8 20. Rhe1 Rac8
21. f4 Rc5 22. Qf3 e4 23. Qe3 Rdc8 24. h3 b4 25. Nc4 Rxc4 26. Bxc4 Rxc4 27. g4
Bh4 28. Rg1 Bg6 29. g5 Bf5 30. Rd2 Rc6 31. Rgd1 a5 32. Rd5 Qe6 33. Rxa5 Rc8 34.
Rad5 h6 35. Rxd6 Qe8 36. gxh6 b3 37. hxg7+ Kg8 38. Qxb3+ Kh7 39. Rd7 Bxd7 40.
g8=Q+ Qxg8 41. Rxd7+ Kh6 42. Rd6+ Kh7 43. Qb7+ Qg7 44. Qxc8 Qg1+ 45. Rd1 Qe3+
46. Kb1 Qxf4 47. Qd7+ Kg6 48. Qe6+ Bf6 49. Rg1+ Kh6 50. Qg8 Qf5 51. Qf7 e3 52.
Qc4 e2 53. Qxe2 Bg5 54. Qg4 Qf6 55. Re1 Kg7 56. h4 Kg6 57. h5+ Kf7 58. Qd7+ Kg8
59. Qe8+ Qf8 60. Qg6+ Kh8 61. Qxg5 Qc8 62. h6 Qb8 63. Qg7# 1-0

[Event "ch-FRA Blitz Online Qual"]
[Site "Europe-Chess INT"]
[Date "2020.05.16"]
[Round "6"]
[White "Perez Marco, Ricardo"]
[Black "Rajaobelina, Hery"]
[Result "1-0"]
[WhiteElo "2064"]
[BlackElo "1592"]
[WhiteFideId "2256401"]
[BlackFideId "36054836"]
[EventDate "2020.05.16"]

1. e4 c5 2. Nf3 d6 3. d4 cxd4 4. Nxd4 Nf6 5. Nc3 a6 6. f4 e6 7. a4 Nc6 8. Nxc6
bxc6 9. e5 Nd5 10. Nxd5 cxd5 11. exd6 Bxd6 12. Bd3 Qb6 13. Qe2 O-O 14. a5 Qc7
15. O-O Bc5+ 16. Kh1 Bb7 17. c3 Qd6 18. Be3 d4 19. cxd4 Bxd4 20. Rad1 Kh8 21.
Bb1 e5 22. fxe5 Qxe5 23. Rxd4 Rfe8 24. Qd3 g6 25. Bf4 Qxa5 26. Bd2 Qh5 27. Bc3
Kg8 28. Rd7 Bxg2+ 29. Kxg2 Qg4+ 30. Kh1 Rf8 31. Qd4 Qxd4 32. Bxd4 a5 33. Bf6 a4
34. Ba2 Ra6 35. Rb7 a3 36. bxa3 Rxa3 37. Bb3 Ra6 38. h4 Rd6 39. Be7 1-0

[Event "ch-FRA Blitz Online Qual"]
[Site "Europe-Chess INT"]
[Date "2020.05.16"]
[Round "6"]
[White "Lambach, Maxime"]
[Black "Maugin, Narada"]
[Result "1-0"]
[WhiteElo "1980"]
[BlackElo "1947"]
[WhiteFideId "36056880"]
[BlackFideId "45165025"]
[EventDate "2020.05.16"]

1. e4 c6 2. d4 d5 3. exd5 cxd5 4. Bf4 Nc6 5. c3 Nf6 6. Nd2 Bg4 7. Qb3 Qc8 8.
Ngf3 e6 9. Be2 Be7 10. O-O O-O 11. Rfe1 a6 12. a4 Qd7 13. h3 Bf5 14. Ne5 Nxe5
15. Bxe5 Ne4 16. Nxe4 Bxe4 17. a5 Rac8 18. Qd1 Bd6 19. Bd3 Bxe5 20. dxe5 Bxd3
21. Qxd3 Qc7 22. Re3 Qc4 23. Qd2 Rc7 24. Rg3 Qe4 25. Re1 Qf5 26. Rg5 1-0

[Event "ch-FRA Blitz Online Qual"]
[Site "Europe-Chess INT"]
[Date "2020.05.16"]
[Round "6"]
[White "Henry, Tony"]
[Black "Del Giovane, Fabio"]
[Result "0-1"]
[WhiteElo "1979"]
[BlackElo "1629"]
[WhiteFideId "622427"]
[BlackFideId "45142190"]
[EventDate "2020.05.16"]

1. e4 d5 2. exd5 Qxd5 3. Nc3 Qa5 4. d4 Nf6 5. Nf3 Bg4 6. Bc4 Nc6 7. O-O O-O-O 8.
Be3 e5 9. d5 e4 10. h3 Bh5 11. g4 exf3 12. gxh5 Ne5 13. Qd4 Nxc4 14. Qxc4 Nxd5
15. Rad1 Nxe3 16. Rxd8+ Kxd8 17. fxe3 Qg5+ 18. Qg4 Qxe3+ 19. Rf2 Bc5 20. Nd1
Qe1+ 21. Kh2 0-1

[Event "ch-FRA Blitz Online Qual"]
[Site "Europe-Chess INT"]
[Date "2020.05.16"]
[Round "6"]
[White "Saba, Nathalie"]
[Black "Le Pen, Steven"]
[Result "1-0"]
[WhiteElo "1626"]
[BlackElo "2141"]
[WhiteFideId "26095939"]
[BlackFideId "612197"]
[EventDate "2020.05.16"]

1. e4 e5 2. Nf3 d6 3. d4 exd4 4. Qxd4 a6 5. Nc3 Nc6 6. Qe3 Be7 7. Bc4 h6 8. O-O
Nf6 9. a3 O-O 10. Nd5 b5 11. Nxe7+ Qxe7 12. Bd3 Bb7 13. Nh4 Ne5 14. Nf5 Qe6 15.
Qg3 Ng6 16. f3 Qe5 17. Qf2 c5 18. f4 Qe6 19. Nxh6+ gxh6 20. f5 Qe5 21. fxg6 fxg6
22. Bxh6 Nxe4 23. Qe3 Rxf1+ 24. Rxf1 Re8 25. c3 d5 26. Bxe4 dxe4 27. Bf4 Qd5 28.
Qg3 Kg7 29. Be3 Bc8 30. Qf4 Bf5 31. Qh6+ Kg8 32. h3 c4 33. Qg5 Qd8 34. Rxf5 Qxg5
35. Rxg5 Kf7 36. Rg3 Ke6 37. Rg4 Kf5 38. Rf4+ Ke5 39. Kf2 g5 40. Rg4 Rf8+ 41.
Kg3 Rd8 42. Rxg5+ Kf6 43. Rg4 Kf5 44. Rf4+ Ke5 45. Bd4+ Ke6 46. Rxe4+ Kf5 47.
Rf4+ Kg5 48. Kf3 a5 49. Rg4+ Kh5 50. Re4 b4 51. Re5+ 1-0